Fr. Conceicao Rodrigues College of Engineering

Oracle Certified Professional (Record no. 20379)

MARC details
000 -LEADER
fixed length control field 00332nam a2200145Ia 4500
082 ## - DEWEY DECIMAL CLASSIFICATION NUMBER
Classification number 005.133'O'
Item number ALL/
100 ## - MAIN ENTRY--PERSONAL NAME
Personal name Allen/ Christopher/ Chow/Vivian
245 ## - TITLE STATEMENT
Title Oracle Certified Professional
260 ## - PUBLICATION, DISTRIBUTION, ETC.
Name of publisher, distributor, etc. Tata Mc Graw hill
Date of publication, distribution, etc. 2000
300 ## - PHYSICAL DESCRIPTION
Extent 1168
546 ## - LANGUAGE NOTE
Language note ENGLISH
654 ## - SUBJECT ADDED ENTRY--FACETED TOPICAL TERMS
Focus term computer
942 ## - ADDED ENTRY ELEMENTS (KOHA)
Koha item type BOOK
Holdings
Withdrawn status Lost status Damaged status Not for loan Collection Home library Current library Date acquired Total Checkouts Full call number Barcode Date last seen Price effective from Koha item type
        CRC Fr. Agnel's C.Rodrigues College of Engineering Fr. Agnel's C.Rodrigues College of Engineering 17/03/2023   005.133'O' ALL/ 11829 17/03/2023 17/03/2023 BOOK